Normal view
MARC view
- Horticultura
Entry Materia
001 - NÚMERO DE CONTROL DEL REGISTRO
- campo de control: 19084
003 - IDENTIFICADOR DE NUMERO DE CONTROL
- campo de control: MX-MxUPN
005 - FECHA Y HORA DE LA ÚLTIMA TRANSACCIÓN
- campo de control: 20240807133216.0
008 - DATOS DE LONGITUD FIJA
- campo de control de longitud fija: 221019n| acnnnbabn | ana |d
035 ## - NÚMERO DE CONTROL DEL SISTEMA
- Número de control del sistema: UPN10000019093
040 ## - FUENTE DE LA CATALOGACIÓN
- Centro catalogador de origen: MX-MxUPN
- Lengua de catalogación: spa
- Agencia de transcripción: MX-MxUPN
053 #4 - NÚMERO CLASIFICADOR - BIBLIOTECA DEL CONGRESO (LC)
- Elemento numérico de la clasificación - Número único o no. inicial del rango: SB317.5
- Elemento numérico de la clasificación - Número único o no. final del rango: SB317.65
150 ## - ENCABEZAMIENTO - TEMÁTICO
- Término de materia o nombre geográfico como elemento inicial: Horticultura
450 ## - VÉASE - MATERIA
- Encabezamiento temático: Hortalizas
- Subdivisión temática general: Cultivo
450 ## - VÉASE - MATERIA
- Encabezamiento temático: Huertos
- Subdivisión temática general: Cultivo
550 ## - VÉASE ADEMÁS - MATERIA
- Subcampo de control: g
- Encabezamiento temático o nombre geográfico como elemento de entrada: Agricultura
550 ## - VÉASE ADEMÁS - MATERIA
- Encabezamiento temático o nombre geográfico como elemento de entrada: Jardinería
670 ## - FUENTE EN LA QUE SE LOCALIZARON DATOS
- Cita de la fuente: DGB UNAM, 19 octubre 2022:
- Información localizada: (encabezamiento: Horticultura)
902 ## - CATALOGADOR
- Catalogador: BEC/140996
